Statistics for Iceland First Level Subdivisions

Click here to take the quiz!

General Stats

  • This quiz has been taken 278 times
  • The average score is 13 of 74

Answer Stats

Sveitarfélög% Correct
Reykjavík
72%
Akureyri
47%
Akranes
42%
Árborg
33%
Akrahreppur
28%
Ásahreppur
28%
Bolungarvík
28%
Árneshreppur
25%
Bláskógabyggð
25%
Borgarbyggð
25%
Dalabyggð
25%
Kópavogur
25%
Garðabær
22%
Hafnarfjörður
22%
Ölfus
22%
Borgarfjarðarhreppur
19%
Ísafjarðarbær
19%
Seltjarnarnes
19%
Vogar
19%
Blönduóssbær
17%
Dalvíkurbyggð
17%
Djúpavogshreppur
17%
Eyjafjarðarsveit
17%
Fjallabyggð
17%
Fjarðabyggð
17%
Fljótsdalshérað
17%
Fljótsdalshreppur
17%
Flóahreppur
17%
Hornafjörður
17%
Mosfellsbær
17%
Reykjanesbær
17%
Seyðisfjörður
17%
Skagabyggð
17%
Grundarfjarðarbær
14%
Hörgársveit
14%
Hrunamannahreppur
14%
Húnaþing vestra
14%
Kjósarhreppur
14%
Mýrdalshreppur
14%
Norðurþing
14%
Skaftárhreppur
14%
Skagafjörður
14%
Skagaströnd
14%
Snæfellsbær
14%
Svalbarðshreppur
14%
Þingeyjarsveit
14%
Vesturbyggð
14%
Vopnafjarðarhreppur
14%
Breiðdalshreppur
11%
Eyja- og Miklaholtshreppur
11%
Garður
11%
Grindavíkurbær
11%
Grýtubakkahreppur
11%
Helgafellssveit
11%
Húnavatnshreppur
11%
Hvalfjarðarsveit
11%
Hveragerði
11%
Kaldrananeshreppur
11%
Rangárþing eystra
11%
Rangárþing ytra
11%
Reykhólahreppur
11%
Sandgerði
11%
Skeiða- og Gnúpverjahreppur
11%
Strandabyggð
11%
Svalbarðsstrandarhreppur
11%
Vestmannaeyjar
11%
Grímsnes- og Grafningshreppur
8%
Langanesbyggð
8%
Skorradalshreppur
8%
Skútustaðahreppur
8%
Stykkishólmur
8%
Súðavíkurhreppur
8%
Tálknafjarðarhreppur
8%
Tjörneshreppur
8%

Score Distribution

Percentile by Number Answered

Percent of People with Each Score

Your Score History

You have not taken this quiz